LIBRARY & INFORMATION CENTRE, KCAET, TAVANUR

ONLINE PUBLIC ACCESS CATALOGUE (OPAC)

Vertical curves for roads / (Record no. 2361)

MARC details
000 -LEADER
fixed length control field 00436cam a2200181ua 4500
041 ## - LANGUAGE CODE
Language code of text/sound track or separate title eng
082 ## - DEWEY DECIMAL CLASSIFICATION NUMBER
Classification number 625.7
Item number DAW/VE
100 ## - MAIN ENTRY--AUTHOR NAME
Personal name Dawson, Royal.F.G .
245 ## - TITLE STATEMENT
Title Vertical curves for roads /
250 ## - EDITION STATEMENT
Edition statement 1 /
260 ## - PUBLICATION, DISTRIBUTION, ETC. (IMPRINT)
Place of publication :
Name of publisher E & F.N.Spon, Ltd ,
Year of publication 1946.
300 ## - PHYSICAL DESCRIPTION
Number of Pages 141 ; .
942 ## - ADDED ENTRY ELEMENTS (KOHA)
Koha item type Books
Holdings
Withdrawn status Lost status Damaged status Home library Current library Date acquired Full call number Accession Number Koha item type Public note
Withdrawn     KAUAET KAUAET 07/04/2012 625.7 3533 Books Deleted
free website counter